| 000 | 00726cam a22002533a 4500 | ||
|---|---|---|---|
| 001 | 23821 | ||
| 003 | PGUSA | ||
| 005 | 20140828083516.0 | ||
| 008 | 080128s2008||||xxu|||||s|||||000 1 eng d | ||
| 040 |
_aPGUSA _beng |
||
| 042 | _adc | ||
| 050 | 4 | _aPR | |
| 100 | 1 |
_aBecke, Louis, _d1855-1913 |
|
| 245 | 1 | 0 |
_aYorke The Adventurer _h[electronic resource] / _cLouis Becke |
| 260 |
_bProject Gutenberg, _c2008 |
||
| 506 | _aPublic domain in the USA. | ||
| 516 | _aElectronic text | ||
| 653 | _aAdventure stories, Australian | ||
| 653 | _aPacific Area -- Social life and customs -- Fiction | ||
| 653 | _aSea stories | ||
| 830 | 0 |
_aProject Gutenberg _v23821 |
|
| 856 | 4 | 0 | _uhttp://www.gutenberg.org/ebooks/23821 |
| 942 | _cEB | ||
| 999 |
_c253076 _d253076 |
||